Truyện ngắn Jack London

Đã lưu trong:
书目详细资料
主要作者: Jack London
格式: 图书
语言:Undetermined
出版: Hà Nội VHTT 2000
主题:
标签: 添加标签
没有标签, 成为第一个标记此记录!
Thư viện lưu trữ: Trung tâm Học liệu Trường Đại học Cần Thơ
LEADER 00522nam a2200169Ia 4500
001 CTU_40726
008 210402s9999 xx 000 0 und d
082 |a 813.52 
082 |b L847t 
100 |a Jack London 
245 0 |a Truyện ngắn Jack London 
245 0 |c Jack London, Ngọc Bảo 
260 |a Hà Nội 
260 |b VHTT 
260 |c 2000 
650 |a american literature - 19th century,short stories, american - collections ( vietnamese ) 
980 |a Trung tâm Học liệu Trường Đại học Cần Thơ